| 000 | 01093 a2200337 4500 | ||
|---|---|---|---|
| 001 | 200421578 | ||
| 999 |
_c200421578 _d19507 |
||
| 003 | TR-AnTOB | ||
| 005 | 20210901084528.0 | ||
| 008 | 150313s 2 tu 000 0 | ||
| 040 |
_aTR-AnTOB _btur _erda |
||
| 041 | 0 | _atur | |
| 050 | 0 | 0 |
_aHD62.15 _b.K37 2001 |
| 090 | _aHD62.15 .K37 2001 | ||
| 100 | 1 |
_aKaryağdı, Nazmi, _d1968- _932825 |
|
| 245 | 1 | 0 |
_aToplam kalite yönetimi ve Türk vergi idaresi / _cNazmi Karyağdı. |
| 246 | 1 | 3 | _aTürk vergi idaresi. |
| 264 |
_aAnkara : _bAnkara Sanayi Odası, _c2001. |
||
| 300 |
_a386 p. : _bill. ; _c24 cm. |
||
| 336 |
_atext _2rdacontent |
||
| 337 |
_aunmediated _2rdamedia |
||
| 338 |
_avolume _2rdacarrier |
||
| 490 | 0 |
_aAnkara Sanayi Odası yayını ; _vyayın no. 51 |
|
| 504 | _aIncludes bibliographical references. | ||
| 650 | 0 |
_aTotal quality management _zTurkey _918056 |
|
| 650 | 0 | 0 |
_aVergi yönetimi ve usulü _zTürkiye _918635 |
| 650 | 0 | 0 |
_aTax administration and procedure _zTurkey _918634 |
| 650 | 0 | 0 |
_aToplam kalite yönetimi _99567 |
| 710 | 1 |
_aAnkara Sanayi Odası _9118769 |
|
| 942 | _cBK | ||